000 00492nam a2200181Ia 4500
005 20250923145956.0
008 008 250917s9999 xx 000 0 eng d
037 _aTextual
040 _aDSWL
_beng
_cDSWL
041 _aeng
_2eng
084 _qDSWL
100 _aBhatt, E.R.
_9840906
245 0 _aNational Commission on Self Employed Women and Women in the Informal Sector
_c by E.R. Bhatt
260 _c1987
300 _ax,370 p.
942 _cTEXL
999 _c1458033
_d1458033